Small Countries with Big Cities - Statistics

General Stats
  • This quiz has been taken 44 times
  • The average score is 41 of 60
Answer Stats
Population Country % Correct
5mil 5,454,000 Singapore
89%
2mil 5,454,000 Singapore
89%
20mil 271,350,000 Indonesia
87%
10mil 67,081,000 U.K.
87%
20mil 1,411,779,000 China
84%
10mil 68,035,000 France
84%
20mil 1,386,544,000 India
84%
20mil 125,470,000 Japan
84%
10mil 51,672,000 South Korea
84%
20mil 51,672,000 South Korea
84%
5mil 25,928,000 Australia
79%
20mil 214,188,000 Brazil
79%
20mil 102,782,000 Egypt
79%
10mil 83,614,000 Turkey
79%
2mil 9,504,000 United Arab Emirates
79%
10mil 98,510,000 Vietnam
79%
2mil 10,536,000 Dominican Republic
76%
20mil 126,014,000 Mexico
76%
mil 5,136,000 New Zealand
76%
5mil 33,035,000 Peru
76%
20mil 111,331,000 Philippines
76%
5mil 23,414,000 Taiwan
76%
20mil 333,016,742 United States
76%
5mil 38,539,000 Canada
74%
10mil 85,093,000 Iran
74%
mil 4,671,000 Kuwait
74%
2mil 4,671,000 Kuwait
74%
5mil 32,690,000 Malaysia
74%
2mil 10,348,000 Portugal
74%
10mil 66,739,000 Thailand
74%
10mil 92,378,000 D.R. Congo
71%
2mil 9,456,000 Israel
71%
mil 2,799,000 Qatar
71%
10mil 45,809,000 Argentina
68%
10mil 60,143,000 South Africa
68%
500 1,502,000 Bahrain
66%
mil 1,502,000 Bahrain
66%
5mil 19,678,000 Chile
66%
2mil 10,679,000 Greece
66%
mil 5,012,000 Ireland
66%
2mil 6,769,000 Lebanon
66%
500 2,778,000 Lithuania
63%
500 2,734,000 Jamaica
61%
500 1,880,000 Latvia
61%
mil 3,555,000 Uruguay
61%
5mil 32,098,000 Angola
58%
2mil 9,731,000 Hungary
58%
mil 2,964,000 Armenia
55%
5mil 35,013,000 Saudi Arabia
55%
mil 3,729,000 Georgia
53%
5mil 28,705,000 Venezuela
53%
2mil 10,139,000 Azerbaijan
50%
500 976,000 Djibouti
50%
mil 3,416,000 Mongolia
50%
mil 4,661,000 Liberia
45%
500 2,069,000 North Macedonia
45%
500 2,233,000 Gabon
39%
500 1,368,000 Trinidad and Tobago
37%
500 2,487,000 Gambia
34%
500 2,597,000 Moldova
32%
No matching quizzes found
Score Distribution
Percent of People with Each Score
Percentile by Number Answered
Your Score History
You have not taken this quiz